Catálogo
 En Linea

Democracia, nacionalismo y terrorismo / (Registro nro. 43616)

Detalles MARC
000 -CABECERA
campo de control de longitud fija 00551nam a2200169 a 4500
001 - NÚMERO DE CONTROL
campo de control 000044127
005 - FECHA Y HORA DE LA ÚLTIMA TRANSACCIÓN
campo de control 20201002045150.0
008 - DATOS DE LONGITUD FIJA--INFORMACIÓN GENERAL
campo de control de longitud fija 140516s2001 sp 000 0 spa d
020 ## - NÚMERO INTERNACIONAL ESTÁNDAR DEL LIBRO
Número Internacional Estándar del Libro 8489633576
040 ## - FUENTE DE LA CATALOGACIÓN
Centro catalogador/agencia de origen DO-SdBNP
Lengua de catalogación spa
Centro/agencia transcriptor BNPHU
100 1# - ENTRADA PRINCIPAL--NOMBRE DE PERSONA
Nombre de persona Uriarte, Edurme
9 (RLIN) 72131
245 10 - MENCIÓN DE TÍTULO
Título Democracia, nacionalismo y terrorismo /
Mención de responsabilidad, etc. Edurme Uriarte.
260 ## - PUBLICACIÓN, DISTRIBUCIÓN, ETC.
Lugar de publicación, distribución, etc. Madrid :
Nombre del editor, distribuidor, etc. Fundación para el análisis y los Estudios Sociales,
Fecha de publicación, distribución, etc. 2001.
300 ## - DESCRIPCIÓN FÍSICA
Extensión 48 p. ;
Dimensiones 22 cm.
490 1# - MENCIÓN DE SERIE
Mención de serie Papeles de la Fundación
Designación de volumen o secuencia 65
830 #0 - PUNTO DE ACCESO ADICIONAL DE SERIE-TÍTULO UNIFORME
Título uniforme Papeles de la Fundación
Designación de volumen o secuencia 65
9 (RLIN) 69193
Existencias
Estado de retiro Estado de pérdida Restricciones de uso No para préstamo Código de colección Localización permanente Ubicación/localización actual Ubicación en estantería Fecha de adquisición Número de inventario Total de préstamos Signatura topográfica completa Código de barras Fecha visto por última vez Precio válido a partir de Tipo de ítem Koha
      Excluido de préstamo Monografías: Libros y Folletos General General En catalogación 16.05.2014 LF1   44127-10 25.06.2020 25.06.2020 No se presta

Con tecnología Koha